000 00578nam a2200181Ia 4500
008 151202s9999||||xx |||||||||||||| ||und||
082 _bPNVM-45611
100 _aकानिटकर सचिन.
245 _aप्रवाहपतित.
260 _b"मनोरमा प्रकाशन, मुंबई."
260 _c2004
300 _a328
600 _aकानिटकर सचिन.
630 _aप्रवाहपतित.
700 _aकानिटकर सचिन.
730 _aप्रवाहपतित.
942 _cBOOK
999 _c1311562
_d1311559